ՀՀ Գիտությունների ազգային ակադեմիայի հիմնարար գիտական գրադարան  =   Fundamental Scientific Library of NAS RA

Монахиня : (Record no. 140491)

MARC details
000 -LEADER
fixed length control field 00874nam a2200217 a 4500
001 - CONTROL NUMBER
control field 000367431
003 - CONTROL NUMBER IDENTIFIER
control field AM-YeHGA
005 - DATE AND TIME OF LATEST TRANSACTION
control field 20250617131819.0
008 - FIXED-LENGTH DATA ELEMENTS--GENERAL INFORMATION
fixed length control field 041007s1984 ||| r 000 0 rus d
040 ## - CATALOGING SOURCE
Original cataloging agency AM-YeHGA
041 1# - LANGUAGE CODE
Language code of text/sound track or separate title rus
Language code of original fre
090 ## - LOCALLY ASSIGNED LC-TYPE CALL NUMBER (OCLC); LOCAL CALL NUMBER (RLIN)
-- 141869
100 1# - MAIN ENTRY--PERSONAL NAME
Personal name Дидро, Дени.
245 10 - TITLE STATEMENT
Title Монахиня :
Remainder of title [Сборник : Пер. с фр.] /
Statement of responsibility, etc. Дени Дидро; Сост. и примеч. Н.С. Румянцевой; Вступ. ст. Т.Б. Длугач.
260 ## - PUBLICATION, DISTRIBUTION, ETC.
Place of publication, distribution, etc. Москва :
Name of publisher, distributor, etc. Сов. Россия,
Date of publication, distribution, etc. 1984.
300 ## - PHYSICAL DESCRIPTION
Extent 528 с.
440 #0 - SERIES STATEMENT/ADDED ENTRY--TITLE
Title Художественная и публицистическая библиотека атеиста
653 0# - INDEX TERM--UNCONTROLLED
Uncontrolled term Французская литература
700 1# - ADDED ENTRY--PERSONAL NAME
Personal name Румянцева, Н.С.
Relator term сост.
Relationship com
700 1# - ADDED ENTRY--PERSONAL NAME
Personal name Длугач, Т.Б.
Relator term авт. вступ. ст.
Relationship aui
Holdings
Withdrawn status Lost status Damaged status Not for loan Collection Home library Current library Date acquired Total checkouts Full call number Barcode Date last seen Price effective from Koha item type Public note
        General Fundamental Scientific Library Fundamental Scientific Library 22/12/2016   840 110053707 22/12/2016 22/12/2016 Գրքեր / Books Two weeks Loan


ՀՀ ԳԱԱ հիմնարար գիտական գրադարան
ՀՀ,Երևան 0019
Մարշալ Բաղրամյան 24/6
հեռախոս:(374-10) 52-47-50
Հետադարձ կապ

All site content, except where otherwise noted, is licensed under a
Creative Commons License